| 000 | 00421nam a2200181Ia 4500 | ||
|---|---|---|---|
| 001 | 20826 | ||
| 005 | 20260306172834.0 | ||
| 008 | 260306t2001||||xx |||||||||||||| ||spa|| | ||
| 041 | _aESP | ||
| 082 |
_a343.052 _bA85 |
||
| 100 |
_aAtaupillco Vera, Dante _eAUT |
||
| 245 | 0 | _aImpuesto a la Renta | |
| 260 | _c2001 | ||
| 300 |
_a576 páginas : _c21 cm. |
||
| 650 | _aGEN | ||
| 654 | _aCDE | ||
| 942 |
_cLIB _dJUS _fJUS _2ddc _n |
||
| 999 |
_c20826 _d20826 |
||